| 000 | 00664nmc a2200241 a 4500 | ||
|---|---|---|---|
| 003 | AR-BaBNM | ||
| 005 | 20251128210807.0 | ||
| 008 | 166020sc197 ||||||||||||||000 | spa|| | ||
| 020 | _a0-087620-877-1 | ||
| 040 | _cAR-BaBNM | ||
| 100 | 1 | _aThatcher, David A. | |
| 245 | 1 | 0 | _aTeaching, loving and self-directed learning |
| 260 |
_aCalifornia _bGoodyear Publishing Company _cc1973 |
||
| 300 | 0 | _a232 p. | |
| 490 | 0 | _aGoodyear Education Series | |
| 504 | _aContiene referencias bibliográficas | ||
| 650 | 4 | _aDIDACTICA | |
| 650 | 4 | _aAUTOAPRENDIZAJE | |
| 650 | 4 | _aPARTICIPACION DEL ALUMNO | |
| 650 | 4 | _aROL DEL DOCENTE | |
| 942 | _cBK | ||
| 998 | _ccalidad | ||
| 999 |
_c16935 _d16935 |
||